| 000 | 00495nam a22001817a 4500 | ||
|---|---|---|---|
| 003 | OSt | ||
| 005 | 20240618091225.0 | ||
| 008 | 240618b |||||||| |||| 00| 0 eng d | ||
| 020 | _a1841463116 | ||
| 040 | _cmust | ||
| 082 | _a510 GCS 2003 | ||
| 100 |
_aCath, Brown _917401 |
||
| 245 |
_aGCSE mathematics Essential Exam practice/ _cBrown Cath |
||
| 260 |
_aNew castle: _bcordination group publications ltd; _c2003 |
||
| 300 |
_a93p.: _bill; _c30cm |
||
| 600 | _2Mathematics | ||
| 942 |
_2ddc _cO_SHELF |
||
| 999 |
_c8582 _d8582 |
||